1168 1036 1839 1280 1639 1316 1674 1736 1164 1274 1526 1763 1157 1956 1382 1189 1010 1678 1173 1099 1788 1195 1019 1068 1883 1153 1607 1277 1605 1494 1527 1537 1910 1386 1171 1895 1901 1421 1021 1104 1833 1311 1173 1204 1822 1765 1382 1887 1515 1374 1759 1646 1359 1580 1556 1283 1941 1829 1183 1893 1732 1353 1960 1405 1512 1160 1049 1930 1873 1788 1193 1818 1666 1248 1680 1854 1800 1525 1446 1233 1711 1228 1199 1167 1668 1501 1027 1995 1965 1543 1385 1056 1603 1943 1512 1006 1569 1983 1393 BCNSPRNW ULIB Ver.6.0+V

เปลี่ยนเป็นภาษาไทย

Change to English
 แสดงรายละเอียดบรรณานุกรม
  กลับหน้าหลัก

Brief Record : Get Marc (ISO 2709) : E-mail record : QR code < ปิดหน้าต่าง
LEADER : 00000nam 2200000uu 4500
001    13399111811
003     ULIB
008    110708s2547||||th 000 0 tha d
050  4 DS568^bส331ร 2547
100 0  ศักดา ไชยวงศ์
245 10 รายงานสรุปผลโครงการค่ายเรียนรู้ภูมิปัญญาไทย วิถีไทย ของนักศึกษา 8 สถาบัน ครั้งที่ 2 วิทยาลัยในสังกัดสถาบันพระบรมราชชนก เขตภาคเหนือ วันที่ 21-28 พฤษภาคม 2547 /^cศักดา ไชยวงศ์
260    พิษณุโลก :^bวิทยาลัยการสาธารณสุขสิรินธร จังหวัดพิษณุโลก,^c2547
300    116 หน้า
651  7 ภูมิปัญญาไทย
945    ^p0^l0^i016447
995    ทศพร
999 ^a ใช้งานได้ทุกระบบ
รายการนี้ยังไม่มีแท็ก
คุณยังไม่ได้ล็อกอิน คุณสามารถมีกิจกรรมร่วมกับเว็บไซต์ได้ แต่ต้องล็อกอินก่อน ::
  ล็อกอิน

รายการสื่อสารสนเทศ

ลำดับที่ ประเภท เลขเรียก/บาร์โค้ด สถานที่ สถานะ
- ไม่พบข้อมูล -

BibComment


ยังไม่เคยถูกคอมเมนท์

คอมเมนท์ทรัพยากรรายการนี้
  คอมเมนท์: รายงานสรุปผลโครงก..


 Copyright 2026. Bcnsprnw @Library